<?xml version="1.0" encoding="UTF-8"?>
<record
    xmlns:xsi="http://www.w3.org/2001/XMLSchema-instance"
    xsi:schemaLocation="http://www.loc.gov/MARC21/slim http://www.loc.gov/standards/marcxml/schema/MARC21slim.xsd"
    xmlns="http://www.loc.gov/MARC21/slim">

  <leader>01924nam a22002894a 4500</leader>
  <controlfield tag="001">UTEA</controlfield>
  <controlfield tag="005">20251007122509.0</controlfield>
  <controlfield tag="006">g||||gr||||||01 nz</controlfield>
  <controlfield tag="007">ta</controlfield>
  <controlfield tag="008">251007b        es ||||| |||| 00| 0 spa d</controlfield>
  <datafield tag="020" ind1=" " ind2=" ">
    <subfield code="a">9786078365012</subfield>
  </datafield>
  <datafield tag="020" ind1=" " ind2=" ">
    <subfield code="a">9786078365029</subfield>
  </datafield>
  <datafield tag="040" ind1=" " ind2=" ">
    <subfield code="a">UTEA</subfield>
  </datafield>
  <datafield tag="041" ind1=" " ind2=" ">
    <subfield code="a">spa</subfield>
  </datafield>
  <datafield tag="082" ind1=" " ind2=" ">
    <subfield code="a">617.645</subfield>
    <subfield code="b">M26 2015</subfield>
  </datafield>
  <datafield tag="100" ind1=" " ind2=" ">
    <subfield code="a">Martinez Men&#xE9;ndez, Ramiro</subfield>
    <subfield code="e">Director</subfield>
  </datafield>
  <datafield tag="245" ind1=" " ind2=" ">
    <subfield code="a">Odontolog&#xED;a pedi&#xE1;trica actual / </subfield>
    <subfield code="c">Ramiro Martinez Men&#xE9;ndez</subfield>
    <subfield code="h">[texto Impreso]</subfield>
  </datafield>
  <datafield tag="250" ind1=" " ind2=" ">
    <subfield code="a">1ra. edici&#xF3;n; </subfield>
    <subfield code="b">T- 1 y 2</subfield>
  </datafield>
  <datafield tag="260" ind1=" " ind2=" ">
    <subfield code="a">Espa&#xF1;a</subfield>
    <subfield code="b">Editorial Master Bookks, S.A. de CV</subfield>
    <subfield code="c">2015</subfield>
  </datafield>
  <datafield tag="300" ind1=" " ind2=" ">
    <subfield code="a">400 p&#xE1;ginas</subfield>
    <subfield code="c">19 x 26 cm.</subfield>
  </datafield>
  <datafield tag="505" ind1=" " ind2=" ">
    <subfield code="a">TOMO 1: Desarrollo de la detenci&#xF3;n -- detenci&#xF3;n temporal -- desarrollo y embriolog&#xED;a dental -- odontolog&#xED;a para beb&#xE9;s Diagn&#xF3;stico en el paciente odontopedi&#xE1;trico -- Traumatismo dentarios -- Epidemiolog&#xED;a de los traumatismos dentales -- Gesti&#xF3;n traum&#xE1;tica de un incisivo superior extruido: reporte de un caso -- traumatismo clasificaci&#xF3;n de lesiones -- complejo pulpodentinario -- manejo de conducta en odontopediatr&#xED;a -- Factores intrasubjetivos  que influyen en el comportamiento -- manejo del comportamiento -- TOMO 2: prevenci&#xF3;n -- selladores de fosetas y fisuras -- Higiene bucal -- Cariolog&#xED;a -- Etiolog&#xED;a de la caries dental -- Importancia de la prevenci&#xF3;n de la caries -- Anestesia local -- Fracasos y complicaciones de la anestesia local -- Restauraciones en odontopediatria -- Materiales dentales utilizados en odontopediatr&#xEC;a -- Alteraciones en el desarrollo dentario -- Terapia pulpar en odontopediatr&#xED;a   </subfield>
  </datafield>
  <datafield tag="650" ind1=" " ind2=" ">
    <subfield code="a">ODONTOLOG&#xCD;A PEDIATRICA</subfield>
    <subfield code="9">59678</subfield>
  </datafield>
  <datafield tag="650" ind1=" " ind2=" ">
    <subfield code="a">TRAUMATISMO</subfield>
    <subfield code="9">469</subfield>
  </datafield>
  <datafield tag="650" ind1=" " ind2=" ">
    <subfield code="a">ANESTESIA LOCAL</subfield>
    <subfield code="9">59679</subfield>
  </datafield>
  <datafield tag="700" ind1=" " ind2=" ">
    <subfield code="a">Figueroa Espitia, Yuirtzi; Enriquez Sanders, Gisela; Vera Serna, Dora Liz y Hern&#xE0;ndez Ramirez, Blanca Estela</subfield>
    <subfield code="e">Autores de texto</subfield>
    <subfield code="9">59680</subfield>
  </datafield>
  <datafield tag="942" ind1=" " ind2=" ">
    <subfield code="2">ddc</subfield>
    <subfield code="c">BK</subfield>
    <subfield code="e">2025-10-07</subfield>
    <subfield code="z">Mag. Cecilio Flores Noa</subfield>
  </datafield>
  <datafield tag="952" ind1=" " ind2=" ">
    <subfield code="0">0</subfield>
    <subfield code="1">0</subfield>
    <subfield code="2">ddc</subfield>
    <subfield code="4">0</subfield>
    <subfield code="7">0</subfield>
    <subfield code="8">EPSF3</subfield>
    <subfield code="a">BABA</subfield>
    <subfield code="b">BABA</subfield>
    <subfield code="c">SALA1</subfield>
    <subfield code="d">2025-10-07</subfield>
    <subfield code="e">CP</subfield>
    <subfield code="o">617.645 M26 t-1 2015</subfield>
    <subfield code="p">BABA25100110</subfield>
    <subfield code="w">2025-10-07</subfield>
    <subfield code="y">BK</subfield>
    <subfield code="k"></subfield>
  </datafield>
  <datafield tag="952" ind1=" " ind2=" ">
    <subfield code="0">0</subfield>
    <subfield code="1">0</subfield>
    <subfield code="2">ddc</subfield>
    <subfield code="4">0</subfield>
    <subfield code="7">0</subfield>
    <subfield code="8">EPSF3</subfield>
    <subfield code="a">BABA</subfield>
    <subfield code="b">BABA</subfield>
    <subfield code="c">SALA1</subfield>
    <subfield code="d">2025-10-07</subfield>
    <subfield code="e">CP</subfield>
    <subfield code="o">617.645 M26 t-2 2015</subfield>
    <subfield code="p">BABA25100111</subfield>
    <subfield code="w">2025-10-07</subfield>
    <subfield code="y">BK</subfield>
    <subfield code="k"></subfield>
  </datafield>
  <datafield tag="999" ind1=" " ind2=" ">
    <subfield code="c">17436</subfield>
    <subfield code="d">17436</subfield>
  </datafield>
</record>
